Mini contos clássicos (Registo nº 3887)

Detalhes MARC
000 -Etiqueta do registo
Cabeçalho 00981nam0a2200277 4500
005 - Identificador da versão
Campo de controlo 20240813122047.0
010 ## - Número internacional normalizado dos livros (ISBN)
Número (ISBN) 9728516673
021 ## - Número do Depósito Legal
Código do país PT
Número 227058/05
100 ## - Dados gerais de processamento
Dados gerais de processamento 20181030d2005 c y0pory5003 ba
102 ## - Pais de publicação ou produção
País de publicação Portugal
101 0# - Língua de publicação
Língua do texto, banda sonora, etc. Português
215 ## - Descrição física 
Indicação específica da natureza do documento e extensão da espécie 1 vol.
Outras indicações físicas il. color
200 1# - Titulo e menção de responsabilidade
Título próprio Mini contos clássicos
Primeira menção de responsabilidade reescrita e adapt. Margarida Braga
Outras menções de responsabilidade il. Ricardo Neto
225 1# - Colecção 
Título próprio da colecção Mini contos clássicos
205 ## - Menção da edição
Menção da edição 1ª ed
210 ## - Publicação, Distribuição, etc. 
Lugar da edição, distribuição, etc. Lisboa
Nome do editor, distribuidor, etc. Papa-Letras
Data da publicação, distribuição, etc. 2005
327 1# - Nota de conteúdo 
Texto da nota Os três porquinhos ; A história da carochinha ; O gato das botas ; A bela adormecida ; O coelhinho branco ; A gata borralheira ; A sopa de pedra ; A lebre e a tartaruga ; Caracóis de ouro e os três ursos
606 ## - Nome comum usado como assunto
Número de registo de entrada de autoridade 0001335
Palavra de ordem Literatura portuguesa
Subdivisão de assunto Conto
Código do sistema CA
675 ## - Classificação Decimal Universal (CDU)
Notação 821.134.3-34
Edição 3ª ed.
Língua da edição por
702 #1 - Nome de autor-pessoa física (responsabilidade secundária)
Número de registo de entrada de autoridade 0000345
Palavra de ordem Braga
Outra parte do nome não tomada para palavra de ordem Margarida
Código de função Adaptador
Número de registo de entrada de autoridade 0000346
Palavra de ordem Neto
Outra parte do nome não tomada para palavra de ordem Ricardo
Código de função Ilustrador / Técnico de desenho computorizado
966 ## - Identificação da Biblioteca
Sigla EBVEN
942 ## - Elementos de entrada adicionados (Koha)
Tipo de item no Koha Livro
Exemplares
Situação do levantamento Origin of item (home branch) (coded) Biblioteca de empréstimo Código de barras Cota Circulation type (not for loan) Tipo de documento Nota do exemplar Damaged status
  Biblioteca Escolar das Vendas Biblioteca Escolar das Vendas BEV2099 8POR BRA   Livro Sem mensagem